Enseñanza de la economía en Argentina. Bosquejo histórico desde una perspectiva centrada en la Universidad Nacional de Córdoba (Registro nro. 23211)

Detalles MARC
000 -LEADER
fixed length control field 00425 a2200109 4500
001 - CONTROL NUMBER
control field ART_10703
005 - DATE AND TIME OF LATEST TRANSACTION
control field 20260410161831.0
008 - FIXED-LENGTH DATA ELEMENTS--GENERAL INFORMATION
fixed length control field 260409a
100 1# - MAIN ENTRY--PERSONAL NAME
Personal name Colomé, Rinaldo A.
245 10 - TITLE STATEMENT
Title Enseñanza de la economía en Argentina. Bosquejo histórico desde una perspectiva centrada en la Universidad Nacional de Córdoba
773 0# - HOST ITEM ENTRY
Title Actualidad Económica
Related parts - Año XV, Nº 57 (jul./dic. 2005)
Record control number REV5083

No hay ítems disponibles.